| 000 | 00000nam##2200000za#4500 |
| 001 | 9.668010 |
| 003 | CaOODSP |
| 005 | 20220505163029 |
| 007 | ta |
| 008 | 150407|2006||||xxc||||| f|0| 0 fre|d |
| 020 | |a0-662-49559-4 |
| 040 | |aCaOODSP|bfre |
| 041 | |aeng |
| 041 | |afre |
| 043 | |an-cn--- |
| 086 | 1 |aHP5-21/1-2006 |
| 110 | 2 |aAgence de santé publique du Canada. |
| 245 | 10|aAgence de santé publique du Canada : |baperçu de mesures et d'interventions d'urgence : protéger la santé et la sécurité des Canadiens |
| 246 | 17|aGuide de référence pour les clients, les partenaires et les intervenants |
| 260 | |aOttawa - Ontario : |bAgence de santé publique du Canada |c2006. |
| 300 | |aTexte français, [25]p. : |bphotographies ; |c20 cm. + |e1 CD-ROM. |
| 520 | 3 |aCe guide de référence décrit le rôle et les activités du Centre de mesures et d’interventions d’urgence (CMIU) de l’Agence de santé publique du Canada, qui a pour mandat de contribuer au maintien de la sécurité sanitaire des Canadiens. Le guide décrit les principaux secteurs à l’appui de ce mandat : orientation stratégique et coordination; services de gestion et d’administration; sécurité des laboratoires; sécurité de la santé publique; intervention d’urgence; et planification et mesures d’urgence. Préparé à l’intention des clients, des partenaires et des intervenants. |
| 563 | |aReliure à spirale |
| 590 | |a07-10|b2007-03-09 |
| 691 | 07|aProtection civile|2gcpds |
| 776 | 0#|tAgence de santé publique du Canada |w(CaOODSP)9.633327 |
| 776 | 0#|tOverview of emergency preparedness and response |w(CaOODSP)9.668011 |
| 776 | 0#|tPublic Health Agency of Canada |w(CaOODSP)9.688907 |
| 791 | |tPublic Health Agency of Canada : |eeng|w(CaOODSP)9.668009 |